| 000 | 00414nam a22001337a 4500 | ||
|---|---|---|---|
| 020 | _a8121901626 | ||
| 040 | _cNust | ||
| 082 |
_a621.20424 _bKHU |
||
| 100 |
_a R.S. Khurmi _927450 |
||
| 245 | _aA textbook of Hydraulics Fluid Mechanics and hydraulic machines | ||
| 260 |
_aNew Delhi: _bS Chand & Co, _c1994. |
||
| 650 |
_aA textbook of Hydraulics Fluid Mechanics and hydraulic machines _9126162 |
||
| 942 |
_2ddc _cBK |
||
| 999 |
_c612707 _d612707 |
||